000 00936nam a22002537a 4500
001 71264
003 BD-RjUL
005 20211209082108.0
008 170430s1988 ii ||||| |||| 00| 0 ben d
020 _c Rs. : 18.00
035 _a(BD-RjUL)71479
040 _aBD-RjUL
_bben
_cBD-RjUL
041 _aben
082 _223
_a324.092
_bCHM 1988
100 1 _aচট্টোপাধ্যায়, শচীনন্দন
_9210843
245 1 0 _aমুজফফর আহমেদ স্মৃতি /
_cশচীনন্দন চট্টোপাধ্যায়.
260 _aকলিকাতা :
_bসাহিত্যলোক,
_c১৯৮৮.
300 _a১৩৯ পৃ. ;
_c১৮ সেমি.
600 _aআহমেদ, মুজফফর
_xজীবনী
_9211016
600 _aAhmed, Mujaffar
_xBiography
_9211017
650 _aPolitical parties
_9210844
650 _aBiography
_9210845
942 _2ddc
_cBK
999 _c71264
_d71264